<?xml version="1.0" encoding="UTF-8"?>
<collection xmlns="http://www.loc.gov/MARC21/slim">
 <record>
  <leader>00784pamaa2200205   4500</leader>
  <controlfield tag="001">0000048872</controlfield>
  <controlfield tag="005">20130320090000.0</controlfield>
  <controlfield tag="008">110307                             eng  </controlfield>
  <datafield tag="020" ind1="0" ind2="0">
   <subfield code="a">9781844070152 (pbk.) </subfield>
  </datafield>
  <datafield tag="090" ind1="0" ind2="0">
   <subfield code="a">HD60 </subfield>
   <subfield code="b">TRI 2004</subfield>
  </datafield>
  <datafield tag="245" ind1="1" ind2="4">
   <subfield code="a">The triple bottom line, does it all add up? : </subfield>
   <subfield code="b">assessing the sustainability of business and CSR  </subfield>
   <subfield code="c">edited by Adrian Henriques and Julie Richardson.</subfield>
  </datafield>
  <datafield tag="260" ind1="0" ind2="0">
   <subfield code="a">London ; Sterling, VA: </subfield>
   <subfield code="b">Earthscan, </subfield>
   <subfield code="c">2004.</subfield>
  </datafield>
  <datafield tag="300" ind1=" " ind2=" ">
   <subfield code="a">xxii, 186 p.: </subfield>
   <subfield code="b">ill.; </subfield>
   <subfield code="c">25 cm.</subfield>
  </datafield>
  <datafield tag="501" ind1="0" ind2="0">
   <subfield code="a">MBADI</subfield>
  </datafield>
  <datafield tag="504" ind1="0" ind2="0">
   <subfield code="a">Includes bibliographical references and index</subfield>
  </datafield>
  <datafield tag="650" ind1="0" ind2="0">
   <subfield code="a">Industrial management -- </subfield>
   <subfield code="x">Environmental aspects </subfield>
  </datafield>
  <datafield tag="650" ind1="0" ind2="0">
   <subfield code="a">Social responsibility of business </subfield>
  </datafield>
  <datafield tag="700" ind1="1" ind2="1">
   <subfield code="a">Henriques, </subfield>
   <subfield code="h">Adrian </subfield>
  </datafield>
  <datafield tag="700" ind1="1" ind2="1">
   <subfield code="a">Richardson, </subfield>
   <subfield code="h">Julie </subfield>
  </datafield>
  <datafield tag="901" ind1=" " ind2=" ">
   <subfield code="u">www.earthscan.co.uk</subfield>
  </datafield>
 </record>
</collection>
